Elementary Geometry: for college students. (4th ed.) (Record no. 41604)

MARC details
000 -LEADER
fixed length control field 00672nam a2200169 a 4500
008 - FIXED-LENGTH DATA ELEMENTS--GENERAL INFORMATION
fixed length control field 130423s2007 ||||||||||||||||| || u
020 ## - INTERNATIONAL STANDARD BOOK NUMBER
International Standard Book Number 9780618730681
050 ## - LIBRARY OF CONGRESS CALL NUMBER
Classification number QA 453 Ale
100 ## - MAIN ENTRY--PERSONAL NAME
Personal name Koeberlein, Geralyn M
245 10 - TITLE STATEMENT
Title Elementary Geometry: for college students. (4th ed.)
Statement of responsibility, etc. by Daniel C. Alexander and Geralyn M. Koeberlein
250 ## - EDITION STATEMENT
Edition statement 4th ed.
260 ## - PUBLICATION, DISTRIBUTION, ETC.
Place of publication, distribution, etc. Boston:
Name of publisher, distributor, etc. Houghton Mifflin Company
Date of publication, distribution, etc. 2007
300 ## - PHYSICAL DESCRIPTION
Extent x, 519p. (various pagings): ill.
650 ## - SUBJECT ADDED ENTRY--TOPICAL TERM
Topical term or geographic name entry element Geometry
700 ## - ADDED ENTRY--PERSONAL NAME
Personal name Alexander, Daniel C
995 ## - RECOMMENDATION 995 [LOCAL, UNIMARC FRANCE]
-- CBU-MAIN LIBRARY (Kitwe)
-- 1
-- AVAILABLE
-- May 31, 2013
-- Main Library Open Access Collection
Holdings
Withdrawn status Lost status Source of classification or shelving scheme Damaged status Not for loan Home library Current library Shelving location Date acquired Total Checkouts Full call number Barcode Date last seen Price effective from Koha item type
          CBU-MAIN LIBRARY, KITWE. CBU-MAIN LIBRARY, KITWE.   11/30/2022   QA 453 Ale 743815 11/30/2022 11/30/2022 MONOGRAPH